| 000 | 00534nam a22001937a 4500 | ||
|---|---|---|---|
| 005 | 20160926150455.0 | ||
| 008 | 160926b xxu||||| |||| 00| 0 eng d | ||
| 022 | _a0973-1407 | ||
| 082 | _a598 | ||
| 245 | _aIndian birds | ||
| 260 |
_aHyderabad _bNew Ornis Foundation |
||
| 300 |
_av. : _bill. ; _c28 cm. |
||
| 310 | _aMonthly | ||
| 500 | _a. | ||
| 650 | _vPeriodicals. | ||
| 270 |
_a2nd Floor,BBR Forum,Rd. No.2,Banjara Hills, _bHyderabad _dIndia _e500034 |
||
| 942 |
_2ddc _cSR _s1 _h598 _mIND |
||
| 999 |
_c103655 _d103655 |
||